Estadísticas para Países de Europa

Haz click aquí para intentar la prueba.

Estadísticas generales

  • Esta prueba ha sido intentada 4 veces
  • La puntuación promedio es 29 de 45

Respuestas en el mapa

Las respuestas están codificadas por una escala verde-roja en el mapa de la prueba según el % correcto abajo.
 

Estadísticas de respuestas

Países% Correcto
Finlandia
100%
Islandia
100%
Noruega
100%
Suecia
100%
Albania
67%
Alemania
67%
Andorra
67%
Austria
67%
Bélgica
67%
Bielorrusia
67%
Bosnia y
Herzegovina
67%
Ciudad del
Vaticano
67%
Croacia
67%
Dinamarca
67%
Eslovaquia
67%
España
67%
Estonia
67%
Francia
67%
Grecia
67%
Irlanda
67%
Italia
67%
Kosovo
67%
Letonia
67%
Liechtenstein
67%
Lituania
67%
Luxemburgo
67%
Malta
67%
Moldavia
67%
Mónaco
67%
Montenegro
67%
Países Bajos
67%
Polonia
67%
Portugal
67%
Reino Unido
67%
República
Checa
67%
Rusia
67%
San Marino
67%
Ucrania
67%
Bulgaria
33%
Eslovenia
33%
Hungría
33%
Macedonia
del Norte
33%
Rumania
33%
Serbia
33%
Suiza
33%

Distribución de puntuación

Porcentaje por número respondido

Porcentaje de gente con cada puntuación

Historial de tus puntuaciones

No has intentado esta prueba.